000 01042nam a2200229 a 4500
005 20161015125813.0
008 161015s2016 ck ad|||r|||| 00| 0 spa d
040 _aCO-BoIAVH
_cCO-BoIAVH
041 0 _aspa
044 _ack
082 0 4 _a634.98
_bC71e
110 1 _aColombia
_bMinisterio de Ambiente y Desarrollo Sostenible
245 1 0 _aEstudio de estimación y caracterización del consumo de madera en los sectores vivienda y grandes obras de infraestructura /
_cMinisterio de Ambiente y Desarrollo Sostenible
260 _aBogotá, Colombia :
_bColombia. Ministerio de Ambiente y Desarrollo Sostenible :
_bONF Andina,
_c2016.
300 _a40 páginas :
_bilustraciones a color, gráficas y tablas ;
_c28 x 22 xm.
504 _aIncluye referencias bibliográficas.
650 2 6 _aRecursos forestales
_xcaracterización
_zColombia
650 2 6 _aMadera
_xConsumo
_zColombia
650 2 6 _aAprovechamiento de la madera
_zColombia
700 1 _aMacía Sanabria, Fernán
_eeditor
942 _2ddc
_cLIBRO
999 _c19092
_d19092